Statistics for Countries Bordering Niger

Click here to take the quiz!

General Stats

  • This quiz has been taken 67 times
  • The average score is 6 of 7

Answer Stats

Country% Correct
Chad
100%
Libya
97%
Mali
97%
Benin
92%
Algeria
90%
Nigeria
88%
Burkina Faso
86%

Score Distribution

Percentile by Number Answered

Percent of People with Each Score

Your Score History

You have not taken this quiz